000 00433cam a22001337a 4500
008 180718b2013 xxu||||| |||| 00| 0 eng d
082 _aAB45 T737
100 _aTripathi, Shailendra Kumar
245 _aDevalaya vishwashasan : in the light od god oriented conscious faculty of mentality
_cby Shailendra Kumar Tripathi
260 _aJaunpur
_bDevalaya peeth
_c2013
300 _a87p.
650 _aHindu philosophy
650 _aHinduism
999 _c502880
_d502880